The night manager : (Record no. 173315)

000 -LEADER
fixed length control field 01187pam a2200325 a 4500
001 - CONTROL NUMBER
control field 3925884
003 - CONTROL NUMBER IDENTIFIER
control field Nust
005 - DATE AND TIME OF LATEST TRANSACTION
control field 20220831094710.0
008 - FIXED-LENGTH DATA ELEMENTS--GENERAL INFORMATION
fixed length control field 921112s1993 nyu 000 1 eng
010 ## - LIBRARY OF CONGRESS CONTROL NUMBER
LC control number 92055070
020 ## - INTERNATIONAL STANDARD BOOK NUMBER
International Standard Book Number 0340924357
Terms of availability Rs. 476
038 ## - RECORD CONTENT LICENSOR
Staff Name Arshad
040 ## - CATALOGING SOURCE
Original cataloging agency DLC
Transcribing agency DLC
Modifying agency DLC
043 ## - GEOGRAPHIC AREA CODE
Geographic area code e-uk---
050 00 - LIBRARY OF CONGRESS CALL NUMBER
Classification number PR6062.E33
Item number N5 1993
082 00 - DEWEY DECIMAL CLASSIFICATION NUMBER
Classification number 823
Author Mark CAR
100 1# - MAIN ENTRY--PERSONAL NAME
Personal name Le Carré, John,
Dates associated with a name 1931-
9 (RLIN) 11818
245 14 - TITLE STATEMENT
Title The night manager :
Remainder of title a novel
Statement of responsibility, etc. by John le Carré.
250 ## - EDITION STATEMENT
Edition statement 1st ed.
260 ## - PUBLICATION, DISTRIBUTION, ETC.
Place of publication, distribution, etc. New York :
Name of publisher, distributor, etc. Knopf,
Date of publication, distribution, etc. 1993.
300 ## - PHYSICAL DESCRIPTION
Extent 624 p. ;
Dimensions 25 cm.
650 ## - SUBJECT ADDED ENTRY--TOPICAL TERM
Topical term or geographic name entry element Intelligence service
9 (RLIN) 520
650 ## - SUBJECT ADDED ENTRY--TOPICAL TERM
Topical term or geographic name entry element Illegal arms transfers
9 (RLIN) 12000
655 #7 - INDEX TERM--GENRE/FORM
Genre/form data or focus term Spy stories.
Source of term gsafd
9 (RLIN) 8087
856 42 - ELECTRONIC LOCATION AND ACCESS
Materials specified Contributor biographical information
Uniform Resource Identifier <a href="http://www.loc.gov/catdir/enhancements/fy0703/92055070-b.html">http://www.loc.gov/catdir/enhancements/fy0703/92055070-b.html</a>
856 42 - ELECTRONIC LOCATION AND ACCESS
Materials specified Publisher description
Uniform Resource Identifier <a href="http://www.loc.gov/catdir/enhancements/fy0703/92055070-d.html">http://www.loc.gov/catdir/enhancements/fy0703/92055070-d.html</a>
906 ## - LOCAL DATA ELEMENT F, LDF (RLIN)
a 7
b cbc
c orignew
d 1
e ocip
f 19
g y-gencatlg
942 ## - ADDED ENTRY ELEMENTS (KOHA)
Source of classification or shelving scheme
Koha item type Book
Holdings
Withdrawn status Lost status Source of classification or shelving scheme Damaged status Not for loan Permanent Location Current Location Shelving location Date acquired Total Checkouts Full call number Barcode Date last seen Date last checked out Price effective from Koha item type
          Central Library (CL) Central Library (CL) Fiction 01/21/2017 1 823 CAR CL104 07/18/2024 10/02/2017 01/21/2017 Book
© 2023 Central Library, National University of Sciences and Technology. All Rights Reserved.